[Event "Madrid ch 2011-2012 Previa A"]
[Site "Madrid ESP"]
[Date "2012.02.14"]
[Round "5.11"]
[White "Redondo Garcia, Jose Luis"]
[Black "Rodriguez Bachiller, Luis"]
[Result "0-1"]
[WhiteElo "1855"]
[BlackElo "1789"]
[PlyCount "140"]
[EventDate "2012.02.06"]
[EventType "swiss"]
[EventRounds "9"]
[EventCountry "ESP"]
[Source "lmi"]
[SourceDate "2012.02.06"]

1. c4 Nf6 2. Nc3 e6 3. e3 d5 4. cxd5 exd5 5. d4 Be7 6. g3 O-O 7. Bg2 c6 8. Nge2
Re8 9. O-O Bg4 10. a3 Qd7 11. f3 Bh3 12. b4 Bxg2 13. Kxg2 Na6 14. Nf4 Bd6 15.
Nd3 b6 16. Qb3 Nc7 17. Bd2 b5 18. Rae1 Ne6 19. f4 a5 20. bxa5 Bc7 21. Ne5 Qd6
22. Qb4 Red8 23. Na2 Bxa5 24. Qxd6 Rxd6 25. Nb4 Ne4 26. Re2 Nxd2 27. Rxd2 Bxb4
28. axb4 Ra3 29. Rd3 Ra2+ 30. Rf2 Rxf2+ 31. Kxf2 f6 32. Nf3 Rd7 33. Ra3 Kf7 34.
Nd2 Ke7 35. Nb3 Kd6 36. h4 h5 37. f5 Nd8 38. Nc5 Rc7 39. Kf3 Re7 40. Ra8 Kc7
41. Ra3 Kb6 42. g4 hxg4+ 43. Kxg4 Kc7 44. Kh5 Kd6 45. Kg6 Rc7 46. Ra8 Nf7 47.
Re8 Re7 48. Rf8 Nh6 49. Ne6 Nxf5 50. Kxf5 Rxe6 51. Rd8+ Ke7 52. Re8+ Kxe8 53.
Kxe6 Kf8 54. h5 Kg8 55. Kd6 Kh7 56. Kxc6 Kh6 57. Kxd5 Kxh5 58. Ke4 Kg6 59. d5
Kf7 60. Kf4 g6 61. e4 Ke7 62. e5 fxe5+ 63. Kxe5 g5 64. d6+ Kd7 65. Kf5 Kxd6 66.
Kxg5 Kd5 67. Kf4 Kc4 68. Ke3 Kxb4 69. Kd2 Kb3 70. Kc1 Ka2 0-1

[Event "Madrid ch 2011-2012 Previa A"]
[Site "Madrid ESP"]
[Date "2012.02.14"]
[Round "5.13"]
[White "Sancho Pascual, Emilio"]
[Black "Perez Cameselle, Francisco"]
[Result "0-1"]
[WhiteElo "1572"]
[BlackElo "1909"]
[PlyCount "32"]
[EventDate "2012.02.06"]
[EventType "swiss"]
[EventRounds "9"]
[EventCountry "ESP"]
[Source "lmi"]
[SourceDate "2012.02.06"]

1. e4 e5 2. Nf3 Nc6 3. d4 exd4 4. Nxd4 Bc5 5. c3 Qh4 6. Qd3 Nf6 7. Nd2 O-O 8.
g3 Qh5 9. N2b3 Bb6 10. Be2 Qg6 11. Nxc6 dxc6 12. e5 Qxd3 13. Bxd3 Ng4 14. f4
Nf2 15. Bxh7+ Kxh7 16. Rf1 Nd3+ 0-1

[Event "Madrid ch 2011-2012 Previa A"]
[Site "Madrid ESP"]
[Date "2012.02.14"]
[Round "5.14"]
[White "Castro Uceda, Jose Antonio"]
[Black "Lozano Sanchez, Jose Antonio"]
[Result "0-1"]
[WhiteElo "1649"]
[BlackElo "1894"]
[PlyCount "102"]
[EventDate "2012.02.06"]
[EventType "swiss"]
[EventRounds "9"]
[EventCountry "ESP"]
[Source "lmi"]
[SourceDate "2012.02.06"]

1. d4 d5 2. c4 e5 3. cxd5 Qxd5 4. e3 exd4 5. exd4 Nc6 6. Be3 Nf6 7. Nc3 Bb4 8.
a3 Bxc3+ 9. bxc3 O-O 10. h3 Bf5 11. c4 Qe4 12. Nf3 Rfe8 13. Be2 Rad8 14. O-O h6
15. Rc1 Ne7 16. Rc3 Qe6 17. Ne5 c5 18. Nf3 cxd4 19. Nxd4 Qe5 20. Bf3 Be4 21.
Bxe4 Nxe4 22. Rd3 Nc5 23. Rd2 Rd7 24. Nf3 Rxd2 25. Nxe5 Rxd1 26. Rxd1 Rc8 27.
f4 f6 28. Nd7 Ne4 29. Bxa7 Rxc4 30. Nb6 Rc3 31. a4 Nc6 32. Bb8 Ng3 33. Kh2 Ne2
34. f5 Ned4 35. Bf4 Nxf5 36. Rd7 g5 37. Bd2 Rc2 38. Be1 Ne3 39. Bd2 Nf1+ 40.
Kg1 Nxd2 41. Rxb7 Rb2 42. Rd7 Rb1+ 43. Kh2 Nf1+ 44. Kg1 Ng3+ 45. Kh2 Nf1+ 46.
Kg1 Ne3+ 47. Kf2 Nd1+ 48. Ke1 Nc3+ 49. Kd2 Ne4+ 50. Ke3 Re1+ 51. Kf3 Ne5# 0-1

[Event "Madrid ch 2011-2012 Previa A"]
[Site "Madrid ESP"]
[Date "2012.02.14"]
[Round "5.16"]
[White "Garcia-ruiz Fuentes, Angel Marcos"]
[Black "Fernandez Martinez, Jose"]
[Result "1-0"]
[WhiteElo "1846"]
[BlackElo "1749"]
[PlyCount "107"]
[EventDate "2012.02.06"]
[EventType "swiss"]
[EventRounds "9"]
[EventCountry "ESP"]
[Source "lmi"]
[SourceDate "2012.02.06"]

1. e4 e5 2. Bc4 Nf6 3. d4 Nc6 4. Nf3 Nxe4 5. dxe5 Nc5 6. Nc3 Be7 7. Bf4 O-O 8.
Qd2 Ne6 9. Bg3 a6 10. Nd5 Bc5 11. h4 Ne7 12. Nf4 Nf5 13. Bd3 Nxg3 14. fxg3 g6
15. Nd5 Be7 16. O-O-O c6 17. Nxe7+ Qxe7 18. Qh6 f6 19. exf6 Qxf6 20. h5 Qg7 21.
hxg6 Qxh6+ 22. Rxh6 hxg6 23. Ne5 Rf6 24. Rxg6+ Rxg6 25. Nxg6 Kf7 26. Ne5+ Ke7
27. Nc4 d5 28. Nb6 Rb8 29. c4 Nc5 30. cxd5 Nxd3+ 31. Rxd3 cxd5 32. Nxd5+ Kf7
33. Rf3+ Kg7 34. Re3 Kf8 35. Nb6 Bg4 36. Re4 Bc8 37. Nxc8 Rxc8+ 38. Kd2 Rd8+
39. Kc3 Rd1 40. Kc2 Rd7 41. Kc3 Rd1 42. Re2 Rd7 43. Kc4 Kf7 44. Kc5 Kf6 45. b4
Kg5 46. a4 Kg4 47. b5 axb5 48. axb5 Kxg3 49. Kb6 Kg4 50. Rc2 Kg3 51. Rc7 Rd2
52. Kxb7 Rxg2 53. b6 Ra2 54. Kb8 1-0

[Event "Madrid ch 2011-2012 Previa A"]
[Site "Madrid ESP"]
[Date "2012.02.14"]
[Round "5.18"]
[White "Pardiñas Riaño, Emilio"]
[Black "Martinez Miura, Enrique"]
[Result "1/2-1/2"]
[WhiteElo "1768"]
[BlackElo "1670"]
[PlyCount "59"]
[EventDate "2012.02.06"]
[EventType "swiss"]
[EventRounds "9"]
[EventCountry "ESP"]
[Source "lmi"]
[SourceDate "2012.02.06"]

1. e4 e6 2. d4 d5 3. Nc3 Nf6 4. e5 Nfd7 5. f4 c5 6. Nf3 cxd4 7. Nxd4 Nc6 8.
Nce2 Qb6 9. c3 Nc5 10. Ng3 Be7 11. b4 Ne4 12. Nxe4 dxe4 13. Be3 Nxd4 14. Bxd4
Qc7 15. Be2 O-O 16. O-O f5 17. Qc1 Rd8 18. Qe3 b6 19. a4 Bb7 20. a5 bxa5 21.
Rxa5 a6 22. Bb6 Qc6 23. Bxd8 Bxd8 24. Rc5 Bb6 25. Kf2 Bxc5 26. bxc5 Rd8 27. Rd1
Rxd1 28. Bxd1 Qd7 29. Qd4 Qxd4+ 30. cxd4 1/2-1/2

[Event "Madrid ch 2011-2012 Previa A"]
[Site "Madrid ESP"]
[Date "2012.02.14"]
[Round "5.19"]
[White "Roldan Garcia, Angel"]
[Black "Barragan Panal, Juan Jose"]
[Result "1-0"]
[WhiteElo "1762"]
[BlackElo "1640"]
[PlyCount "71"]
[EventDate "2012.02.06"]
[EventType "swiss"]
[EventRounds "9"]
[EventCountry "ESP"]
[Source "lmi"]
[SourceDate "2012.02.06"]

1. e4 c6 2. d4 d5 3. exd5 cxd5 4. c4 Nf6 5. Nc3 e6 6. Nf3 Nc6 7. Bg5 Be7 8. c5
h6 9. Bf4 Nh5 10. Be3 Nf6 11. Bb5 Bd7 12. O-O O-O 13. Bxc6 Bxc6 14. b4 Ne4 15.
Qc2 Nxc3 16. Qxc3 Bf6 17. Bf4 Re8 18. a4 b5 19. a5 a6 20. Rfe1 Rc8 21. Ne5 Bxe5
22. Bxe5 f6 23. Bd6 Bb7 24. Qh3 f5 25. Re3 Qf6 26. Be5 Qf7 27. Rg3 Kh7 28.
Rxg7+ Qxg7 29. Bxg7 Kxg7 30. Re1 Bc6 31. Qg3+ Kf6 32. Qe5+ Kf7 33. Re3 Bd7 34.
Rg3 Rg8 35. Rxg8 Kxg8 36. Qd6 1-0

[Event "Madrid ch 2011-2012 Previa A"]
[Site "Madrid ESP"]
[Date "2012.02.14"]
[Round "5.23"]
[White "Zuazua Conde, Ivan Javier"]
[Black "Greppi Gonzalez, Jose Luis"]
[Result "1-0"]
[WhiteElo "1498"]
[BlackElo "1641"]
[PlyCount "114"]
[EventDate "2012.02.06"]
[EventType "swiss"]
[EventRounds "9"]
[EventCountry "ESP"]
[Source "lmi"]
[SourceDate "2012.02.06"]

1. d4 d5 2. c4 dxc4 3. e3 Bf5 4. Bxc4 e6 5. Nc3 a6 6. Bd3 Bxd3 7. Qxd3 Bb4 8.
Nf3 Nf6 9. O-O h6 10. Qc2 O-O 11. a3 Bxc3 12. bxc3 Qd5 13. Rd1 Qe4 14. Qe2 Nbd7
15. Bb2 b5 16. Qd3 Qxd3 17. Rxd3 Nb6 18. Rb1 Nc4 19. Nd2 Nxd2 20. Rxd2 Rfd8 21.
Rdd1 Rd7 22. Rd2 Nd5 23. Rbd1 Nb6 24. Bc1 Rad8 25. f3 Na4 26. Rc2 c5 27. Bb2 c4
28. e4 f6 29. Kf2 e5 30. d5 g5 31. g3 Kh7 32. Bc1 f5 33. exf5 Rxd5 34. Rxd5
Rxd5 35. Ke2 Kg7 36. g4 Kf6 37. Bd2 Rd7 38. Ke3 Nc5 39. Ke2 e4 40. fxe4 Nxe4
41. Be3 Ke7 42. Kf3 Nf6 43. Bd4 Kf7 44. Re2 h5 45. h3 h4 46. Re6 Nd5 47. Rg6
Nxc3 48. Rg7+ Ke8 49. Rxd7 Kxd7 50. Bxc3 Kd6 51. Ke4 Kc5 52. Ke5 b4 53. axb4+
Kb5 54. f6 Ka4 55. f7 Kb3 56. Be1 c3 57. Bxc3 Kxc3 1-0

[Event "Madrid ch 2011-2012 Previa A"]
[Site "Madrid ESP"]
[Date "2012.02.14"]
[Round "5.24"]
[White "Cortijo Manso, Luis"]
[Black "Perez-nuñez Castillo, Jose A"]
[Result "0-1"]
[WhiteElo "1547"]
[BlackElo "1633"]
[PlyCount "67"]
[EventDate "2012.02.06"]
[EventType "swiss"]
[EventRounds "9"]
[EventCountry "ESP"]
[Source "lmi"]
[SourceDate "2012.02.06"]

1. d4 Nf6 2. Nf3 d5 3. g3 Bf5 4. Bg2 h6 5. Nbd2 e6 6. O-O c5 7. c4 dxc4 8. Nxc4
Be7 9. Nfe5 Be4 10. Nf3 O-O 11. Ncd2 Bc6 12. Nc4 Nbd7 13. Bf4 cxd4 14. Qxd4 Bc5
15. Qd1 b5 16. Nce5 Nxe5 17. Bxe5 Qe7 18. Qc2 Rac8 19. Rac1 Bxf3 20. e3 Bxg2
21. Kxg2 Qb7+ 22. Kg1 Bd6 23. Bc3 b4 24. Qb3 Qd5 25. Bxf6 Qxb3 26. axb3 gxf6
27. Rc4 Rxc4 28. bxc4 b3 29. Rd1 Be5 30. Rd7 Rb8 31. c5 Bxb2 32. c6 Be5 33. f4
b2 34. fxe5 0-1

[Event "Madrid ch 2011-2012 Previa A"]
[Site "Madrid ESP"]
[Date "2012.02.14"]
[Round "5.25"]
[White "Ojosnegros Martin, Angel"]
[Black "Rottenwoehrer, Christoph"]
[Result "0-1"]
[WhiteElo "1480"]
[BlackElo "1595"]
[PlyCount "152"]
[EventDate "2012.02.06"]
[EventType "swiss"]
[EventRounds "9"]
[EventCountry "ESP"]
[Source "lmi"]
[SourceDate "2012.02.06"]

1. e4 c5 2. Nf3 g6 3. d4 cxd4 4. Nxd4 Bg7 5. Be3 Nc6 6. Nc3 Nf6 7. Bc4 O-O 8.
Qd2 Ng4 9. Nxc6 dxc6 10. f3 Nxe3 11. Qxe3 Qa5 12. O-O-O Qb4 13. Bb3 Qa5 14. Kb1
Qe5 15. f4 Qc7 16. h3 b5 17. e5 a5 18. a4 Rb8 19. axb5 cxb5 20. Nd5 Qb7 21. Qc5
e6 22. Ne7+ Kh8 23. Nc6 Qc7 24. Qd6 Qxd6 25. exd6 Rb7 26. Nxa5 Rd7 27. Ba2 Ba6
28. Rd2 Rc8 29. Nb3 Rc4 30. g3 Bb7 31. Rg1 Ba8 32. Nc1 Ra4 33. Ne2 Bc6 34. g4
Bf8 35. Re1 Rxd6 36. Rxd6 Bxd6 37. Rf1 Bg2 38. Rd1 Bxf4 39. b3 Re4 40. Nc3 Re5
41. Rd4 Re1+ 42. Kb2 Bc1+ 43. Kb1 Be3+ 44. Rd1 Rxd1+ 45. Nxd1 Bd4 46. h4 Bf3
47. Kc1 Bxg4 48. c3 Bb6 49. b4 Bd8 50. Nf2 h5 51. c4 bxc4 52. Bxc4 Bxh4 53. Ne4
Bf3 54. Nd6 Kg7 55. b5 Bf2 56. Bf1 Kf8 57. Nc4 Ke7 58. b6 Kd8 59. Ne5 Bb7 60.
Nxf7+ Ke7 61. Ne5 Kf6 62. Nd7+ Kf5 63. Bd3+ Kf4 64. Bxg6 h4 65. Nf6 Bxb6 66.
Bf7 e5 67. Nd7 Ba7 68. Be6 e4 69. Bc4 h3 70. Bf1 h2 71. Bg2 Bc8 72. Nf6 Bf5 73.
Nh5+ Kg4 74. Nf6+ Kg3 75. Bh1 e3 76. Kd1 Kf2 0-1

[Event "Madrid ch 2011-2012 Previa A"]
[Site "Madrid ESP"]
[Date "2012.02.14"]
[Round "5.31"]
[White "Martinez Carrasco, Jesus"]
[Black "De Mingo Matias, Jose Andres"]
[Result "1-0"]
[WhiteElo "1580"]
[BlackElo "1484"]
[PlyCount "53"]
[EventDate "2012.02.06"]
[EventType "swiss"]
[EventRounds "9"]
[EventCountry "ESP"]
[Source "lmi"]
[SourceDate "2012.02.06"]

1. d4 d5 2. Nf3 e6 3. c4 Nf6 4. e3 b6 5. Nc3 Be7 6. Bd3 dxc4 7. Bxc4 O-O 8. O-O
Bb7 9. Re1 Nbd7 10. e4 Bb4 11. Bd3 Bxc3 12. bxc3 c5 13. e5 Nd5 14. Qc2 g6 15.
Bh6 Re8 16. c4 Nb4 17. Qe2 Nxd3 18. Qxd3 Bxf3 19. Qxf3 cxd4 20. Rad1 Qc7 21.
Rxd4 f5 22. exf6 Kf7 23. Red1 Red8 24. Qxa8 Kxf6 25. Qf3+ Ke7 26. Rxd7+ Rxd7
27. Qf8# 1-0

[Event "Madrid ch 2011-2012 Previa A"]
[Site "Madrid ESP"]
[Date "2012.02.15"]
[Round "6.2"]
[White "Lopez Heras, Arturo"]
[Black "Martinez Montalvo, Eduardo"]
[Result "1-0"]
[WhiteElo "1897"]
[BlackElo "1804"]
[PlyCount "71"]
[EventDate "2012.02.06"]
[EventType "swiss"]
[EventRounds "9"]
[EventCountry "ESP"]
[Source "lmi"]
[SourceDate "2012.02.06"]

1. e4 d5 2. exd5 Nf6 3. Bb5+ Bd7 4. Bc4 Bg4 5. f3 Bc8 6. Nc3 Nbd7 7. d4 Nb6 8.
Bb3 Nfxd5 9. Nxd5 Nxd5 10. Ne2 g6 11. c4 Nb6 12. Be3 Bg7 13. Qd2 Be6 14. d5 Bd7
15. c5 Nc8 16. Rd1 O-O 17. c6 Bxc6 18. dxc6 Nd6 19. cxb7 Rb8 20. Bxa7 Rxb7 21.
Bd4 e5 22. Bc3 Qh4+ 23. Ng3 Bh6 24. Qf2 e4 25. Nxe4 Qe7 26. O-O Rxb3 27. axb3
f5 28. Qd4 fxe4 29. Qh8+ Kf7 30. Qxh7+ Ke8 31. Qxh6 e3 32. Rfe1 e2 33. Rd2 Nf7
34. Qh3 Qe3+ 35. Kh1 Rh8 36. Qc8+ 1-0

[Event "Madrid ch 2011-2012 Previa A"]
[Site "Madrid ESP"]
[Date "2012.02.15"]
[Round "6.3"]
[White "Jimenez Gonzalez, Marcos"]
[Black "Camarero Izquierdo, Juan Carlos"]
[Result "0-1"]
[WhiteElo "1831"]
[BlackElo "1896"]
[PlyCount "62"]
[EventDate "2012.02.06"]
[EventType "swiss"]
[EventRounds "9"]
[EventCountry "ESP"]
[Source "lmi"]
[SourceDate "2012.02.06"]

1. c4 e5 2. g3 f5 3. d4 e4 4. Bg2 Nf6 5. Nc3 Bb4 6. Bg5 Bxc3+ 7. bxc3 O-O 8. e3
b6 9. Ne2 Qe8 10. Bxf6 Rxf6 11. Nf4 Rh6 12. h4 d6 13. d5 Na6 14. a4 Nc5 15. a5
Ba6 16. axb6 axb6 17. Qe2 Nb3 18. Rb1 Na5 19. Rb4 Qe5 20. Kd2 Bxc4 21. Qd1 Bxd5
22. Kc2 Bc4 23. Qa1 d5 24. Rd1 Rd6 25. Bf1 Rdd8 26. Bxc4 Nxc4 27. Qc1 Ra2+ 28.
Kb1 Rda8 29. Rxd5 Ra1+ 30. Kc2 Rxc1+ 31. Kb3 Qxc3# 0-1

[Event "Madrid ch 2011-2012 Previa A"]
[Site "Madrid ESP"]
[Date "2012.02.15"]
[Round "6.4"]
[White "Martos De La Vega, Alvaro"]
[Black "Osorio Ramos, Francisco"]
[Result "1-0"]
[WhiteElo "1935"]
[BlackElo "1848"]
[PlyCount "69"]
[EventDate "2012.02.06"]
[EventType "swiss"]
[EventRounds "9"]
[EventCountry "ESP"]
[Source "lmi"]
[SourceDate "2012.02.06"]

1. d4 Nf6 2. c4 e5 3. dxe5 Ng4 4. Bf4 Bb4+ 5. Nd2 Nc6 6. Ngf3 Qe7 7. e3 Ngxe5
8. Be2 O-O 9. O-O Bxd2 10. Qxd2 d6 11. a3 Be6 12. Rac1 b6 13. Nd4 Rad8 14. Qc3
Bd7 15. Rfe1 a5 16. b4 axb4 17. axb4 Ng6 18. Bg3 Rfe8 19. Nb5 Be6 20. c5 Nce5
21. cxd6 cxd6 22. Qd4 Bd7 23. Nc7 Rf8 24. Nd5 Qe6 25. Nxb6 Rb8 26. b5 Rb7 27.
Nxd7 Qxd7 28. Red1 Rd8 29. h3 f6 30. f4 Nf7 31. Rc2 Ne7 32. Bf2 Nf5 33. Qb4 Qe7
34. e4 Qe8 35. exf5 1-0

[Event "Madrid ch 2011-2012 Previa A"]
[Site "Madrid ESP"]
[Date "2012.02.15"]
[Round "6.5"]
[White "Cano Mercado, Francisco Manuel"]
[Black "Garcia Fernandez, Jesus"]
[Result "1-0"]
[WhiteElo "1865"]
[BlackElo "1916"]
[PlyCount "103"]
[EventDate "2012.02.06"]
[EventType "swiss"]
[EventRounds "9"]
[EventCountry "ESP"]
[Source "lmi"]
[SourceDate "2012.02.06"]

1. d4 Nf6 2. Nf3 c5 3. c3 b6 4. Bg5 g6 5. e3 Bb7 6. Nbd2 Bg7 7. Bd3 O-O 8. O-O
d5 9. Re1 Ne4 10. Bf4 Nd7 11. Qc2 Ndf6 12. Be5 Rc8 13. Rad1 Re8 14. Bb5 Nxd2
15. Nxd2 Nd7 16. Bxg7 Kxg7 17. Qa4 Rc7 18. Qxa7 Bc6 19. Qa4 Bxb5 20. Qxb5 Ra7
21. a3 h5 22. e4 e6 23. exd5 exd5 24. Nf3 Ra5 25. Qc6 c4 26. Rxe8 Qxe8 27. Ne5
Nf6 28. Re1 Rb5 29. Re2 Qxc6 30. Nxc6 Ne4 31. f3 Nd6 32. Kf1 Rb3 33. Nb4 Nf5
34. Nxd5 Nd6 35. Nb4 Nb5 36. d5 Kf6 37. Nc6 Nxc3 38. bxc3 Rxc3 39. Rd2 Rc1+ 40.
Kf2 c3 41. Re2 Rd1 42. Rc2 Kf5 43. Rxc3 Rd2+ 44. Kg3 g5 45. Nb4 Ke5 46. h3 f5
47. Rc6 h4+ 48. Kh2 Kf4 49. Rxb6 g4 50. fxg4 fxg4 51. hxg4 h3 52. Kxh3 1-0

[Event "Madrid ch 2011-2012 Previa A"]
[Site "Madrid ESP"]
[Date "2012.02.15"]
[Round "6.6"]
[White "Calcerrada Lopez, Enrique"]
[Black "Fernandez Garcia, Ignacio"]
[Result "1/2-1/2"]
[WhiteElo "1821"]
[BlackElo "1903"]
[PlyCount "106"]
[EventDate "2012.02.06"]
[EventType "swiss"]
[EventRounds "9"]
[EventCountry "ESP"]
[Source "lmi"]
[SourceDate "2012.02.06"]

1. Nf3 d5 2. b3 c6 3. Bb2 Nd7 4. g3 Ngf6 5. Bg2 e6 6. O-O Be7 7. d3 O-O 8. Nbd2
Re8 9. c4 a5 10. a3 b5 11. Bc3 Bb7 12. b4 axb4 13. axb4 bxc4 14. dxc4 c5 15.
cxd5 Nxd5 16. Bb2 Nxb4 17. Nc4 Bd5 18. Ne3 Bc6 19. Qb3 Nd5 20. Rxa8 Qxa8 21.
Ra1 Qb8 22. Qxb8 Rxb8 23. Ne5 Nxe5 24. Bxe5 Ra8 25. Rb1 f6 26. Nxd5 Bxd5 27. e4
Ba2 28. Rb7 Bf8 29. Bb2 Rc8 30. Bh3 Re8 31. Rc7 e5 32. Bf1 Bf7 33. Ba3 Bd6 34.
Rc6 Rd8 35. Bxc5 Bxc5 36. Rxc5 Bh5 37. Bc4+ Kh8 38. Kg2 Bg4 39. h3 Rc8 40.
Rxc8+ Bxc8 41. f4 exf4 42. gxf4 g6 43. Kg3 Kg7 44. h4 h6 45. e5 fxe5 46. fxe5
Bd7 47. Kf4 Bc6 48. Be6 Kf8 49. Bc4 Ke7 50. Be2 Be8 51. Bc4 Bc6 52. Bb3 Bd7 53.
Bd5 Bf5 1/2-1/2

[Event "Madrid ch 2011-2012 Previa A"]
[Site "Madrid ESP"]
[Date "2012.02.15"]
[Round "6.7"]
[White "Rodriguez Bachiller, Luis"]
[Black "Martin-consuegra Barrilero, Fco. Javier"]
[Result "1-0"]
[WhiteElo "1789"]
[BlackElo "1886"]
[PlyCount "107"]
[EventDate "2012.02.06"]
[EventType "swiss"]
[EventRounds "9"]
[EventCountry "ESP"]
[Source "lmi"]
[SourceDate "2012.02.06"]

1. e4 d5 2. exd5 Qxd5 3. Nc3 Qa5 4. Bc4 c6 5. d3 Bf5 6. Bd2 e6 7. Nf3 Nd7 8.
Qe2 Ngf6 9. O-O-O Qc7 10. Nd4 Qe5 11. Nxf5 Qxf5 12. f3 O-O-O 13. g4 Qe5 14.
Rhe1 Qxe2 15. Rxe2 b5 16. Bb3 Nc5 17. Ne4 Nxb3+ 18. axb3 Nxe4 19. dxe4 Be7 20.
Be3 Rxd1+ 21. Kxd1 Rd8+ 22. Rd2 Rxd2+ 23. Kxd2 a6 24. Kd3 Kd7 25. f4 g6 26. e5
f5 27. exf6 Bxf6 28. Bd4 Be7 29. Ke4 c5 30. Bc3 h5 31. gxh5 gxh5 32. f5 Bf8 33.
Kf4 Bh6+ 34. Ke4 Bf8 35. f6 Ke8 36. Ke5 Kf7 37. Bd2 a5 38. Bxa5 Bh6 39. Bb6 Bc1
40. Bxc5 Bxb2+ 41. Bd4 Bxd4+ 42. Kxd4 Kxf6 43. c4 bxc4 44. bxc4 Kf5 45. c5 e5+
46. Kd5 e4 47. c6 e3 48. c7 e2 49. c8=Q+ Kf4 50. Qe8 Kf3 51. Qxh5+ Kf2 52.
Qxe2+ Kxe2 53. h4 Kf3 54. h5 1-0

[Event "Madrid ch 2011-2012 Previa A"]
[Site "Madrid ESP"]
[Date "2012.02.15"]
[Round "6.9"]
[White "Lozano Sanchez, Jose Antonio"]
[Black "Roldan Garcia, Angel"]
[Result "1-0"]
[WhiteElo "1894"]
[BlackElo "1762"]
[PlyCount "67"]
[EventDate "2012.02.06"]
[EventType "swiss"]
[EventRounds "9"]
[EventCountry "ESP"]
[Source "lmi"]
[SourceDate "2012.02.06"]

1. e4 c5 2. Nf3 d6 3. Bc4 Nc6 4. Nc3 g6 5. O-O Bg7 6. d3 e6 7. Bf4 Nge7 8. Nb5
e5 9. Bd2 O-O 10. a4 a6 11. Nc3 Kh8 12. Ng5 Qe8 13. f4 h6 14. Nf3 Nd4 15. Nxd4
cxd4 16. Nd5 Nxd5 17. Bxd5 f6 18. Qe1 Qe7 19. Qh4 exf4 20. Qxf4 Be6 21. Bb4
Rad8 22. Ba5 Rd7 23. Bb6 Bxd5 24. exd5 Qe5 25. Qxd4 f5 26. Qxe5 dxe5 27. c4 Rc8
28. b3 Rd6 29. a5 e4 30. Rad1 Re8 31. dxe4 fxe4 32. Rde1 Kg8 33. Rf4 e3 34.
Rxe3 1-0

[Event "Madrid ch 2011-2012 Previa A"]
[Site "Madrid ESP"]
[Date "2012.02.15"]
[Round "6.10"]
[White "Garcia Martin, Juan Manuel"]
[Black "Ureña Castellanos, Antonio"]
[Result "1/2-1/2"]
[WhiteElo "1894"]
[BlackElo "1673"]
[PlyCount "167"]
[EventDate "2012.02.06"]
[EventType "swiss"]
[EventRounds "9"]
[EventCountry "ESP"]
[Source "lmi"]
[SourceDate "2012.02.06"]

1. d4 Nf6 2. Bf4 e6 3. e3 d5 4. Nf3 c5 5. c3 Be7 6. Ne5 O-O 7. Bd3 c4 8. Bc2
Nbd7 9. Nxd7 Bxd7 10. Nd2 b5 11. a3 a5 12. Bg5 Rb8 13. Bxf6 Bxf6 14. O-O e5 15.
dxe5 Bxe5 16. Bxh7+ Kxh7 17. Qh5+ Kg8 18. Qxe5 Be6 19. Nf3 Re8 20. Qd4 Bf5 21.
Qd2 Be4 22. Nd4 Qg5 23. f4 Qh6 24. Nf3 Qh5 25. Ng5 Bd3 26. Rf3 Rb6 27. Qf2 f6
28. Rh3 Qg6 29. Nf3 Be4 30. Rd1 b4 31. axb4 axb4 32. Qg3 Qxg3 33. hxg3 bxc3 34.
bxc3 Rb3 35. Rc1 Bd3 36. Rh5 Rxe3 37. Rxd5 Rb2 38. Rd7 Ree2 39. Nh4 g5 40. Ra1
Rb1+ 41. Rxb1 Bxb1 42. fxg5 fxg5 43. Nf3 g4 44. Nd4 Re3 45. Nb5 Rxg3 46. Rd4
Bf5 47. Rxc4 Rd3 48. Rd4 Re3 49. Kf2 Re5 50. Nd6 Be6 51. Re4 Rxe4 52. Nxe4 Kg7
53. Kg3 Kg6 54. Kf4 Kh5 55. g3 Kg6 56. Nd6 Kf6 57. Ne4+ Kg6 58. Ke5 Bc4 59. Nd6
Be2 60. c4 Kg7 61. c5 Bf3 62. Ne4 Kf8 63. Kf4 Ke7 64. Ng5 Be2 65. Ke5 Kd7 66.
Ne6 Bf3 67. Nd4 Kc7 68. Kf4 Bd1 69. Nf5 Kc6 70. Ne3 Be2 71. Nxg4 Kxc5 72. Ne5
Kd6 73. Nf3 Ke7 74. g4 Kf6 75. g5+ Kg6 76. Ne5+ Kg7 77. Kf5 Bd1 78. Nc6 Bc2+
79. Kf4 Kg6 80. Nd4 Bb1 81. Nf3 Bc2 82. Nh4+ Kg7 83. Ke5 Bb1 84. g6 1/2-1/2

[Event "Madrid ch 2011-2012 Previa A"]
[Site "Madrid ESP"]
[Date "2012.02.15"]
[Round "6.11"]
[White "Garcia-ruiz Fuentes, Angel Marcos"]
[Black "Al-zarif Zabala, Bassam"]
[Result "1/2-1/2"]
[WhiteElo "1846"]
[BlackElo "1727"]
[PlyCount "120"]
[EventDate "2012.02.06"]
[EventType "swiss"]
[EventRounds "9"]
[EventCountry "ESP"]
[Source "lmi"]
[SourceDate "2012.02.06"]

1. e4 Nf6 2. e5 Nd5 3. d4 d6 4. Nf3 Bg4 5. Be2 Nc6 6. O-O e6 7. c4 Nb6 8. Nbd2
Be7 9. exd6 cxd6 10. b3 O-O 11. Bb2 Bf5 12. Rc1 Nb4 13. a3 Nd3 14. Bxd3 Bxd3
15. Re1 Bg6 16. Ne4 Nd7 17. d5 e5 18. c5 Bxe4 19. Rxe4 Nxc5 20. Re2 Qd7 21.
Rxc5 dxc5 22. Nxe5 Qc7 23. Nc4 Bd6 24. Nxd6 Qxd6 25. Be5 Qd7 26. Rd2 Rfe8 27.
Bg3 b6 28. h3 Re4 29. f3 Ree8 30. Kh2 Rad8 31. d6 Re6 32. a4 Rde8 33. Qc2 Rd8
34. Qd3 Rb8 35. Qc4 Ree8 36. b4 cxb4 37. Qxb4 Rbc8 38. Qd4 Rc5 39. Qf4 f6 40.
Rd4 Ree5 41. Qd2 Re6 42. Qd3 g6 43. Qd2 Kg7 44. Bf4 g5 45. Bg3 h6 46. f4 Re8
47. fxg5 hxg5 48. Qd3 f5 49. Rd5 Rxd5 50. Qxd5 Kg6 51. h4 Rh8 52. Kg1 gxh4 53.
Be5 Re8 54. Qd4 Re6 55. Kf2 Kg5 56. Qf4+ Kg6 57. Qd4 Re8 58. Kg1 Re6 59. Kf2
Kg5 60. Qf4+ Kg6 1/2-1/2

[Event "Madrid ch 2011-2012 Previa A"]
[Site "Madrid ESP"]
[Date "2012.02.15"]
[Round "6.13"]
[White "Perez-nuñez Castillo, Jose A"]
[Black "Redondo Garcia, Jose Luis"]
[Result "0-1"]
[WhiteElo "1633"]
[BlackElo "1855"]
[PlyCount "130"]
[EventDate "2012.02.06"]
[EventType "swiss"]
[EventRounds "9"]
[EventCountry "ESP"]
[Source "lmi"]
[SourceDate "2012.02.06"]

1. d4 d5 2. c4 Nf6 3. Nc3 g6 4. Bg5 Ne4 5. Bf4 Nxc3 6. bxc3 c6 7. e3 Bg7 8. Nf3
Nd7 9. cxd5 cxd5 10. Bd3 Nf6 11. Qc2 O-O 12. h3 a6 13. O-O b5 14. Be5 Bb7 15.
a4 Bc6 16. axb5 Bxb5 17. Bxb5 axb5 18. Qb3 Qd7 19. Rfb1 Rxa1 20. Rxa1 Rc8 21.
Nd2 Qc6 22. Rc1 Nd7 23. Bxg7 Kxg7 24. Qb4 e6 25. Nb3 Nb6 26. Nc5 Na4 27. Nxa4
bxa4 28. Ra1 Ra8 29. Ra3 h5 30. h4 Ra7 31. Qb2 Qa6 32. Qc2 Qc4 33. g3 f5 34. f4
Kf6 35. Kf2 Ke7 36. Qb2 Qc6 37. Qc2 Kd7 38. Ke2 Qc4+ 39. Ke1 Kc6 40. Qe2 Qxe2+
41. Kxe2 Kb5 42. Kd3 Rc7 43. Kd2 Ka5 44. Kd3 Rb7 45. Kc2 Rb6 46. Ra2 Rb3 47.
Ra1 Rb5 48. Ra3 Rb7 49. Ra2 Ra7 50. Kd2 Kb6 51. Ra3 Ra5 52. Kc2 Kb5 53. Kd3 Ra7
54. Ra1 a3 55. Rb1+ Kc6 56. Kc2 a2 57. Ra1 Kb5 58. Kb3 Ra6 59. Kb2 Kc4 60. Rxa2
Rxa2+ 61. Kxa2 Kxc3 62. Ka3 Kd3 63. Kb4 Kxe3 64. Kc5 Ke4 65. Kd6 Kxd4 0-1